000
00337nam a22001457a 4500
008
210531b ||||| |||| 00| 0 eng d
020
_a
9781558706514
041
_a
eng
080
_2
2nd
_a
32
082
_a
32
100
_a
19
101
_a
SHP
245
_a
The Genealogist's Campion and Sourcebook
_c
Emily A. Croom
942
_2
udc
_c
BK
999
_c
57867
_d
57867